K problematike solventnosti poisťovní v Slovenskej republike
Historický vývoj sledovania solventnosti poisťovní v Slovenskej republike. Právne predpisy upravujúce problematiku solventnosti v Slovenskej republike. Základné princípy výpočtu skutočnej a požadovanej miery solventnosti poisťovne. Faktory vplývajúce na požadovanú a skutočnú mieru solventnosti komer...
Salvato in:
| Autore principale: | |
|---|---|
| Natura: | Capitolo di libro |
| Lingua: | slovacco |
| Soggetti: | |
| Tags: |
Nessun Tag, puoi essere il primo ad aggiungerne!!
|
MARC
| LEADER | 00000naa$a2200000$$$4500 | ||
|---|---|---|---|
| 001 | 0060710 | ||
| 005 | 20240502071656.0 | ||
| 041 | 0 | |a slo | |
| 044 | |a SK | ||
| 245 | 1 | 0 | |a K problematike solventnosti poisťovní v Slovenskej republike |c Erika Pastoráková |
| 520 | |a Historický vývoj sledovania solventnosti poisťovní v Slovenskej republike. Právne predpisy upravujúce problematiku solventnosti v Slovenskej republike. Základné princípy výpočtu skutočnej a požadovanej miery solventnosti poisťovne. Faktory vplývajúce na požadovanú a skutočnú mieru solventnosti komerčnej poisťovne. Možnosti poisťovní pri riešení problémov s nedostatočnou solventnosťou. Solvency II. | ||
| 610 | 2 | 0 | |a história |
| 610 | 2 | 0 | |a trh poistný |
| 610 | 2 | 0 | |a Slovensko |
| 610 | 2 | 0 | |a poisťovne komerčné |
| 610 | 2 | 0 | |a solventnosť |
| 610 | 2 | 0 | |a úpravy právne |
| 100 | 1 | |a Pastoráková, Erika, 1972- | |